00194nam a2200073Ia 4500020001900000100001700019245004300036008004100079 a9781107649811" aLAGUE PETER  0aSTUDY & MASTER STUDY GUIDE 11 ENGLISH 210805s9999 xx 000 0 und d